Pays de la Coupe du Monde 2026 - Statistiques

Statistiques générales
  • Ce quiz a été pris 3 905 fois
    458 depuis la dernière actualisation
  • Le résultat moyen est 39 sur 48
Statistiques - réponses
Réponse % Correct
France
100%
Espagne
97%
États-Unis
97%
Argentine
96%
Brésil
96%
Canada
96%
Maroc
96%
Mexique
96%
Portugal
95%
Sénégal
95%
Angleterre
94%
Japon
94%
Norvège
94%
Allemagne
93%
Algérie
91%
Corée du Sud
90%
Suède
90%
Australie
89%
Belgique
88%
Irak
88%
Colombie
87%
Iran
87%
Pays-Bas
85%
Suisse
85%
Égypte
84%
Uruguay
84%
Tunisie
83%
Bosnie-Herzégovine
82%
République démocratique du Congo
81%
Écosse
79%
Nouvelle-Zélande
79%
Afrique du Sud
78%
Équateur
78%
Arabie saoudite
76%
Turquie
76%
Croatie
74%
Autriche
72%
Qatar
72%
Ghana
68%
Haïti
68%
Tchéquie
68%
Côte d'Ivoire
67%
Paraguay
67%
Curaçao
65%
Panama
61%
Ouzbékistan
53%
Cap-Vert
51%
Jordanie
50%
Aucun quiz correspondant
Distribution des résultats
% des personnes avec chaque résultat
Percentile par nombre de réponses
Votre historique - résultats
Vous n’avez pas pris ce quiz depuis la dernière actualisation